000
00500nam a2200181Ia 4500
008
090124s9999 xx 000 0 und d
082
_b
127111
100
_a
पानवलकर श्री. दा.
245
_a
संजारी
250
_a
1
260
_c
1996
300
_a
92
600
_a
पानवलकर श्री. दा.
630
_a
संजारी
700
_a
पानवलकर श्री. दा.
730
_a
संजारी
942
_c
BOOK
999
_c
173200
_d
173200